=LDR 00000nam 2200000 4500 =001 INLIS000000000023966 =005 20130612122601 =008 ***********************************Ind** =035 ##$$0010-061300000023966 =041 ##$$a Ind =082 ##$$a 332.1 =090 ##$$a 332.1, Lee p =100 ##$$a Leeson, Nick =245 ##$$a Pialang licik, Nick Leeson; Edward Whitley =260 ##$$a 1996 $b Jakarta =300 ##$$a xv, 271 hlm, ilus, 26 cm =650 ##$$a Ekonomi Keuangan =850 ##$$a NBPNMAT